[Event "Lublin Chmielewski Memorial-B"]
[Site "Lublin"]
[Date "2013.12.27"]
[Round "3"]
[White "Gorecki, Jaroslaw"]
[Black "Jankiewicz, Maciej"]
[Result "0-1"]
[WhiteElo "1538"]
[BlackElo "1374"]
[PlyCount "54"]
[EventDate "2013.12.27"]
[EventType "swiss"]
[EventRounds "7"]
[EventCountry "POL"]
[SourceTitle "CBM 158 Extra"]
[Source "ChessBase"]
[SourceDate "2014.02.28"]
[SourceVersion "1"]
[SourceVersionDate "2014.02.28"]
[SourceQuality "1"]

1. e4 d5 2. exd5 Nf6 3. d4 Nxd5 4. c4 Nf6 5. h3 b6 6. Be2 Bb7 7. Bf3 Qc8 8. Qd3 e6 9. Ne2 Be7 10. 0-0 0-0 11. Nbc3 a6 12. Bxb7 Qxb7 13. Be3 Nbd7 14. a3 Rad8 15. b4 c5 16. bxc5 Nxc5 17. Qc2 Nce4 18. f3 Nd6 19. Qb3 Qc6 20. c5 bxc5 21. dxc5 Nf5 22. Ne4 Nxe4 23. fxe4 Nxe3 24. Rfc1 Qxe4 25. Nf4 Qxf4 26. Rc3 Nd5 27. Rf1 Qd4+ 0-1

[Event "Lublin Gerlecka Memorial 2nd"]
[Site "Lublin"]
[Date "2012.08.07"]
[Round "8.8"]
[White "Gorecki, Jaroslaw"]
[Black "Pikulinski, Janusz"]
[Result "0-1"]
[WhiteElo "1562"]
[BlackElo "1999"]
[PlyCount "61"]
[EventDate "2012.08.07"]
[EventType "swiss"]
[EventRounds "9"]
[EventCountry "POL"]
[SourceTitle "EXT 2023"]
[Source "ChessBase"]
[SourceDate "2022.10.05"]
[SourceVersion "1"]
[SourceVersionDate "2022.10.05"]
[SourceQuality "1"]

1. e4 e5 2. f4 exf4 3. Nf3 d6 4. d4 Nf6 5. Nc3 Be7 6. Bxf4 0-0 7. Qd2 d5 8. e5 Ne4 9. Qe3 Nxc3 10. Qxc3 Nc6 11. a3 f6 12. 0-0-0 fxe5 13. Bxe5 Nxe5 14. Nxe5 c5 15. Nf3 c4 16. Qe3 Bg4 17. Kb1 Bf5 18. Qc3 b5 19. Ne5 Qc7 20. g4 Be4 21. Rg1 a5 22. g5 b4 23. axb4 axb4 24. Qh3 Bf5 25. Bxc4 Bxh3 26. Bxd5+ Kh8 27. Bxa8 Rxa8 28. g6 hxg6 29. Rg3 Bf5 30. Nxg6+ Kh7 31. Ne5 0-1

[Event "Lublin op"]
[Site "Lublin"]
[Date "2011.12.30"]
[Round "7"]
[White "Gorecki, Jaroslaw"]
[Black "Wesolowska, Katarzyna"]
[Result "1-0"]
[WhiteElo "1568"]
[BlackElo "1724"]
[PlyCount "120"]
[EventDate "2011.12.27"]
[EventType "swiss"]
[EventRounds "7"]
[EventCountry "POL"]
[SourceTitle "CBM 146 Extra"]
[Source "ChessBase"]
[SourceDate "2012.02.29"]
[SourceVersion "1"]
[SourceVersionDate "2012.02.29"]
[SourceQuality "1"]

1. e4 e6 2. d4 d5 3. e5 c5 4. c3 Nc6 5. Nf3 Qb6 6. a3 cxd4 7. cxd4 a5 8. Nc3 Nge7 9. Na4 Qd8 10. Bd3 Nf5 11. Bxf5 exf5 12. Qb3 Be7 13. Nb6 a4 14. Nxa4 Qa5+ 15. Nc3 0-0 16. 0-0 Rd8 17. Bd2 f6 18. Nb5 Qb6 19. Qd3 Na5 20. Bb4 Re8 21. b3 Bd7 22. Bxa5 Rxa5 23. a4 Bxb5 24. axb5 Rxb5 25. Qxf5 Rxb3 26. Qd7 Qc6 27. Qxc6 bxc6 28. Rfc1 Rb6 29. Ra7 Bd8 30. Ra8 Kf8 31. Rc8 Be7 32. R8xc6 Rb4 33. Rd1 Reb8 34. h3 Rb1 35. Rcc1 R1b2 36. Rc7 Rb1 37. Rcc1 R1b4 38. g3 Rb3 39. Kg2 Ra8 40. exf6 Bxf6 41. Ne5 Rb7 42. Rc5 Rd8 43. Rdc1 Be7 44. Rc8 Ke8 45. R1c2 g6 46. f4 Rb8 47. R8c6 Rb4 48. Re6 Rb7 49. Nc6 Rd6 50. Rce2 Rxe6 51. Rxe6 Rc7 52. Rxe7+ Rxe7 53. Nxe7 Kxe7 54. Kf3 Kf6 55. g4 Ke6 56. Ke3 Kf6 57. Kd3 h5 58. Kc3 Ke6 59. Kb4 Kd6 60. Kb5 h4 1-0

[Event "Lublin op"]
[Site "Lublin"]
[Date "2011.12.27"]
[Round "2"]
[White "Wojcieszyn, Zdzislaw"]
[Black "Gorecki, Jaroslaw"]
[Result "1-0"]
[WhiteElo "1983"]
[BlackElo "1568"]
[PlyCount "121"]
[EventDate "2011.12.27"]
[EventType "swiss"]
[EventRounds "7"]
[EventCountry "POL"]
[SourceTitle "CBM 146 Extra"]
[Source "ChessBase"]
[SourceDate "2012.02.29"]
[SourceVersion "1"]
[SourceVersionDate "2012.02.29"]
[SourceQuality "1"]

1. c4 Nf6 2. d4 g6 3. Nc3 d5 4. cxd5 Nxd5 5. Qb3 Nxc3 6. bxc3 Bg7 7. Nf3 0-0 8. g3 c5 9. Be3 Qa5 10. Bd2 Qc7 11. Bf4 Qa5 12. Bd2 Qc7 13. Bf4 Qa5 14. Bd2 Qc7 15. Bg2 Nc6 16. Rc1 Na5 17. Qa3 Nc4 18. Qxc5 Qxc5 19. dxc5 e5 20. e4 Rd8 21. Bf1 Nb2 22. Rc2 Nd3+ 23. Bxd3 Rxd3 24. Ke2 Rd8 25. Rb2 Rb8 26. c6 Rd6 27. cxb7 Bxb7 28. Rhb1 Ba6+ 29. Ke1 Rdb6 30. Rxb6 Rxb6 31. Rxb6 axb6 32. Be3 b5 33. Bc5 f6 34. Kd2 Kf7 35. Ne1 Bh6+ 36. Kc2 Ke6 37. f3 f5 38. Nd3 Bb7 39. Nf2 Bg5 40. Kd3 Ba6 41. Bb4 Bd8 42. Bc5 Ba5 43. Kd2 Bb7 44. Kc2 Bc7 45. Kb3 Ba6 46. Kb4 Kd7 47. Bf8 Ke6 48. Bc5 Kd7 49. g4 Ke6 50. Be3 f4 51. Ba7 h5 52. gxh5 gxh5 53. Nd3 Kf6 54. Bf2 Ke7 55. Bh4+ Ke8 56. Bf6 Bb6 57. Bxe5 Be3 58. Nxf4 h4 59. Nd5 Bd2 60. Nc7+ Ke7 61. Nxa6 1-0